MARC

LEADER 00000cam a2200000 c 4500
001 1122561539
003 DE-627
005 20250531192005.0
007 tu
008 960618s1891 xx ||||| 00| ||lat c
035 |a (DE-627)1122561539 
035 |a (DE-576)052561534 
035 |a (DE-599)BSZ052561534 
035 |a (OCoLC)175076726 
035 |a (OCoLC)312448214 
040 |a DE-627  |b ger  |c DE-627  |e rakwb 
041 |a lat  |a ger 
084 |a 1  |2 ssgn 
084 |a BO 2170  |2 rvk  |0 (DE-625)rvk/14098: 
084 |a BO 2956  |2 rvk  |0 (DE-625)rvk/14296:11596 
084 |a NM 1100  |2 rvk  |0 (DE-625)rvk/126263: 
100 1 |0 (DE-588)118621386  |0 (DE-627)139695915  |0 (DE-576)163285268  |4 aut  |a Tertullianus, Quintus Septimius Florens  |d 150-230 
109 |a Quintus Florens Septimius Tertullianus 150-230  |a Tertullian, Quintus S. 150-230  |a Tertullianus, Quinctus S. 150-230  |a Tertullianus Carthaginensis 150-230  |a Tertulianus 150-230  |a Tertulliano, Quinto Settimio Florente 150-230  |a Quintus Septimius Florens Tertullianus 150-230  |a Tertullianus 150-230  |a Tertullianus, Quintus F. 150-230  |a Quintus Septimus Florens Tertullianus 150-230  |a Tertuliano 150-230  |a Tertulliano, Quinto Septimio Florente 150-230  |a Tertullianus Scriptor Christianus 150-230  |a Pseudo-Tertullianus 150-230  |a Tertullianus, Quintus Septimius Florens 150-230  |a Tertullian 150-230  |a Tertullianus, Quintus S. 150-230  |a Florens Tertullianus, Quintus Septimius 150-230  |a Septimius Florens Tertullianus, Quintus 150-230  |a Tertullianus Presbyter 150-230  |a Tertullianus, Quintus Septimus Florus 150-230  |a Tertullianus Apologetiker 150-230  |a Tertullianus Montanista 150-230  |a Tertulien 150-230  |a Tertullianus von Karthago 150-230  |a Tertullianus, Quintus Septimus 150-230  |a Tertullianus, Q. S. Fl. 150-230  |a Tertullianus Carthaginiensis 150-230  |a Tertullianus, Q. Septim. Florens 150-230  |a Tertullianus Christlicher Schriftsteller 150-230  |a Tertulian 150-230  |a Tertulliano 150-230  |a Tertullien 150-230  |a Tertullianus Christian Writer 150-230  |a Tertullianus, Septimius 150-230  |a Septimius Tertullianus 150-230  |a Tertulliano, Q. S. F. 150-230  |a Tertulliano, Quinto S. 150-230  |a Tertullianus, Quintus Septimus Florens 150-230 
243 1 0 |a Sammlung 
245 1 0 |a De paenitentia 
249 |a De pudicitia  |v Tertullian. Hrsg. von Erwin Preuschen 
264 1 |a Tübingen  |b Mohr  |c 1891 
300 |a VIII, 96 S. 
336 |a Text  |b txt  |2 rdacontent 
337 |a ohne Hilfsmittel zu benutzen  |b n  |2 rdamedia 
338 |a Band  |b nc  |2 rdacarrier 
490 1 |a Sammlung ausgewählter kirchen- und dogmengeschichtlicher Quellenschriften  |a Reihe 1  |v 2 
500 |a Einl. u. Anm. dt., Text lat 
583 1 |a Archivierung/Langzeitarchivierung gewährleistet  |f PEBW  |x XA-DE-BW  |2 pdager  |5 DE-24 
583 1 |a Archivierung/Langzeitarchivierung gewährleistet  |f SSG  |x XA-DE-BW  |2 pdager  |5 DE-21 
700 1 |e Hrsg.  |0 (DE-588)116283203  |0 (DE-627)136993826  |0 (DE-576)162612737  |4 edt  |a Preuschen, Erwin  |d 1867-1920 
787 0 8 |i Rezension  |a Funk, Franz Xaver von, 1840 - 1907  |t Sammlung ausgewählter kirchen- und dogmengeschichtlicher Quellenschriften; Heft I - VII  |d 1894  |w (DE-627)1630158747  |w (DE-576)429869673 
787 0 8 |i Rezension  |a Bonwetsch, Gottlieb Nathanael, 1848 - 1925  |t Tertullianus, Quintus Septimius Florens, De paenitentia  |d 1892  |w (DE-627)1494003864  |w (DE-576)424003864 
787 0 8 |i Rezension  |a Jülicher, Adolf, 1857 - 1938  |t Krüger, G. (Hrsg.), Sammlung ausgewählter kirchen- und dogmengeschichtlicher Quellenschriften, als Grundlage für Seminarübungen. 2. Hft.  |d 1892  |w (DE-627)1476245096  |w (DE-576)406245096 
787 0 8 |i Rezensiert in  |a Bonwetsch, Gottlieb Nathanael, 1848 - 1925  |t Tertullianus, Quintus Septimius Florens, De paenitentia  |d 1892  |w (DE-627)1520921985  |w (DE-576)450921980 
830 0 |a Sammlung ausgewählter kirchen- und dogmengeschichtlicher Quellenschriften als Grundlage für Seminarübungen  |v 2  |9 2  |w (DE-627)165656972  |w (DE-576)000453277  |w (DE-600)520203-6  |x 0340-7454  |7 am 
935 |a mteo 
935 |i SLoT 
936 r v |a BO 2170  |b Nach Personen  |k Theologie und Religionswissenschaften  |k Patrologie und Kirchengeschichte  |k Kirchengeschichte nach Perioden  |k Alte Kirchengeschichte und Patrologie  |k Von den Anfängen bis 313  |k Kirchliches Schrifttum und Theologen  |k Nach Personen  |0 (DE-627)127074447X  |0 (DE-625)rvk/14098:  |0 (DE-576)20074447X 
936 r v |a BO 2956  |b Werke  |k Theologie und Religionswissenschaften  |k Patrologie und Kirchengeschichte  |k Kirchengeschichte nach Perioden  |k Alte Kirchengeschichte und Patrologie  |k Von 313 bis Gregor der Große (ca. 604)  |k Christliche Schriftsteller der ersten sechs Jahrhunderte  |k Autoren T  |k Tertullian (+ nach 220)  |k Werke  |0 (DE-627)127074609X  |0 (DE-625)rvk/14296:11596  |0 (DE-576)20074609X 
936 r v |a NM 1100  |b Deutschland  |k Geschichte  |k Geschichte des Mittelalters  |k Quellen und Darstellungen zum Gesamtzeitraum  |k Quellen (vor allem Reihen)  |k Deutschland  |0 (DE-627)1270879855  |0 (DE-625)rvk/126263:  |0 (DE-576)200879855 
951 |a BO 
ELC |b 1 
ITA |a 1  |t 1 
LOK |0 000 xxxxxcx a22 zn 4500 
LOK |0 001 2483806058 
LOK |0 003 DE-627 
LOK |0 004 1122561539 
LOK |0 005 20100616203035 
LOK |0 008 050414||||||||||||||||ger||||||| 
LOK |0 040   |a DE-21  |c DE-627  |d DE-21 
LOK |0 852   |a DE-21 
LOK |0 852 1  |c Gb 835-2  |9 00 
LOK |0 935   |a dika  |a theo  |a sepp 
LOK |0 939   |a 14-04-05  |b l01 
ORI |a SA-MARC-ixtheoa001.raw